| 000 | 00389nam a2200133Ia 4500 | ||
|---|---|---|---|
| 003 | GCL | ||
| 008 | 140319s9999 xx 000 0 ara d | ||
| 040 |
_aGCL / _cGCL |
||
| 082 | 0 | 4 |
_aط _b813.088 _bم م |
| 245 | 1 | 0 | _aالمرأة الشاكية |
| 260 |
_a[S.N] : _bدار الكتاب المصرى ، _c1991 |
||
| 300 | _a16 | ||
| 490 |
_aمن أسباب نزول القرأن الكريم _v0 |
||
| 999 |
_c58210 _d58210 |
||